Указатель библиографических пособий по важнейшим республиканским целевым комплексным народнохозяйственным программам... ... за 1988 г. (Запись № 6973489)

Подробности
000 -МАРКЕР
контрольное поле 01311nam2a22002291 4500
001 - ИДЕНТИФИКАТОР ЗАПИСИ
контрольное поле rc\322447
005 - ИДЕНТИФИКАТОР ВЕРСИИ
контрольное поле 20250621232334.0
035 ## - ДРУГИЕ СИСТЕМНЫЕ НОМЕРА
Идентификатор записи (NLR Aleph) 005975436
100 ## - ДАННЫЕ ОБЩЕЙ ОБРАБОТКИ
Данные общей обработки 20070321d1989 |||y0rusy50 ca
101 0# - ЯЗЫК РЕСУРСА
Язык текста, звукозаписи и т.д. русский
102 ## - СТРАНА ПУБЛИКАЦИИ ИЛИ ПРОИЗВОДСТВА
Страна публикации Российская Федерация
105 ## - ПОЛЕ КОДИРОВАННЫХ ДАННЫХ: ТЕКСТОВЫЕ МАТЕРИАЛЫ, МОНОГРАФИЧЕСКИЕ
Кодированные данные о монографическом текстовом документе y |||||||||
200 0# - ЗАГЛАВИЕ И СВЕДЕНИЯ ОБ ОТВЕТСТВЕННОСТИ
Основное заглавие ... за 1988 г.
Первые сведения об ответственности [Сост. Н.М. Шибут]
210 ## - ПУБЛИКАЦИЯ, РАСПРОСТРАНЕНИЕ И ДР.
Дата издания, распространения и т.д. 1989
Место издания, распространения и т.д. Б. м.
215 ## - ФИЗИЧЕСКАЯ ХАРАКТЕРИСТИКА
Специфическое обозначение материала и объем 26 с.
461 #0 - УРОВЕНЬ НАБОРА
Встроенное поле 001rc\1188639
-- 2001#$aУказатель библиографических пособий по важнейшим республиканским целевым комплексным народнохозяйственным программам...$fБелорус. НИИ НТИ и техн.-экон. исслед., Респ. науч.-техн. б-ка$v... за 1988 г.
Системный номер (АБИС) связанной записи 6957364
Место публикации Минск
Дата публикации 1986
Первые сведения об ответственности Белорус. НИИ НТИ и техн.-экон. исслед., Респ. науч.-техн. б-ка
Имя издателя, распространителя и т.д. Б. и.
Заглавие Указатель библиографических пособий по важнейшим республиканским целевым комплексным народнохозяйственным программам...
Номер тома ... за 1988 г.
801 #0 - ИСТОЧНИК ЗАПИСИ
Страна Российская Федерация
Организация NLR
Правила каталогизации psbo
801 #1 - ИСТОЧНИК ЗАПИСИ
Страна Российская Федерация
Организация ELAR
Источник данных rusmarc
852 ## - МЕСТОНАХОЖДЕНИЕ И ШИФР ХРАНЕНИЯ
Идентификатор организации NLR
Наименование фонда или коллекции (Sub-Location Identifier) С
Шифр хранения (Call Number) К-1/3382
942 ## - ДОПОЛНИТЕЛЬНЫЕ ЭЛЕМЕНТЫ ЗАПИСИ (АБИС)
Тип экземпляра АБИС Книга
980 ## - КОЛЛЕКЦИЯ
Название коллекции Национальная библиография
Экземпляры
Тип экземпляра Дата поступления Библиотека постоянного хранения Библиотека текущего хранения Место хранения Шифр хранения Штрих-код Статус экземпляра
Книга 26.10.2013 РНБ (Московский) РНБ (Московский) Центральная справочная библиотека С К-1/3382 1-3332374